Puchar Świata - klasyfikacja generalna za sezon 2021/22 - Statystyki

Ogólne statystyki
  • Ten quiz został rozwiązany 129 razy
  • Średni wynik to 54 z 76
Statystyki odpowiedzi
Miejsce Skoczek Narodowość Pkt % Poprawnych
19. Kamil Stoch Polska 397
97%
14. Piotr Żyła Polska 480
97%
4. Halvor Egner Granerud Norwegia 1227
95%
2. Karl Geiger Niemcy 1515
95%
5. Stefan Kraft Austria 1069
95%
10. Cene Prevc Słowenia 657
94%
27. Dawid Kubacki Polska 231
94%
44. Domen Prevc Słowenia 60
94%
15. Peter Prevc Słowenia 460
94%
1. Ryoyu Kobayashi Japonia 1621
94%
7. Anze Lanisek Słowenia 936
92%
3. Marius Lindvik Norwegia 1231
92%
9. Jan Hoerl Austria 662
91%
32. Junshiro Kobayashi Japonia 179
91%
6. Markus Eisenbichler Niemcy 950
91%
8. Timi Zajc Słowenia 711
90%
49. Keiichi Sato Japonia 38
88%
16. Killian Peier Szwajcaria 451
88%
13. Yukiya Sato Japonia 530
88%
26. Gregor Deschwanden Szwajcaria 243
87%
17. Manuel Fettner Austria 424
87%
24. Johann Andre Forfang Norwegia 303
86%
21. Daniel-Andre Tande Norwegia 339
85%
12. Robert Johansson Norwegia 531
85%
37. Michael Hayboeck Austria 117
83%
41. Simon Ammann Szwajcaria 64
83%
34. Evgeniy Klimov Rosja 163
82%
25. Daniel Tschofenig Austria 251
81%
11. Daniel Huber Austria 556
79%
18. Lovro Kos Słowenia 403
79%
43. Paweł Wąsek Polska 61
78%
Roman Koudelka Czechy 4
78%
29. Andreas Wellinger Niemcy 219
77%
23. Constantin Schmid Niemcy 332
77%
47. Jakub Wolny Polska 46
77%
33. Pius Paschke Niemcy 174
77%
Vladimir Zografski Bułgaria 35
77%
Aleksander Zniszczoł Polska 8
76%
76. Fatih Arda Ipcioglu Turcja 2
76%
74. Stefan Hula Polska 4
76%
58. Antti Aalto Finlandia 22
74%
Giovanni Bresadola Włochy 6
73%
31. Naoki Nakamura Japonia 196
73%
20. Ziga Jelar Słowenia 389
73%
22. Stephan Leyhe Niemcy 333
72%
60. Andrzej Stękała Polska 19
71%
50. Niko Kytosaho Finlandia 35
69%
55. Artti Aigro Estonia 30
68%
28. Philipp Aschenwald Austria 220
68%
39. Daiki Ito Japonia 88
67%
63. Mackenzie Boyd-Clowes Kanada 15
67%
57. Dominik Peter Szwajcaria 23
64%
35.. Clemens Aigner Austria 153
62%
66. Decker Dean Stany Zjednoczone 8
62%
30. Severin Freund Niemcy 211
62%
40. Eetu Nousiainen Finlandia 65
59%
62. Philipp Raimund Niemcy 16
59%
38. Danil Sadreev Rosja 101
58%
56. Roman Trofimov Rosja 29
56%
64. Mikhail Nazarov Rosja 10
54%
59. Richard Freitag Niemcy 20
54%
65. Bor Pavlovcic Słowenia 9
50%
61. Anze Semenic Słowenia 17
49%
42. Fredrik Villumstad Norwegia 62
49%
48. Justin Lisso Niemcy 44
45%
Anders Fannemel Norwegia 6
42%
46. Bendik Jacobsen Heggli Norwegia 48
42%
69. Joachim Odegaard Bjoereng Norwegia 7
42%
53. Robin Pedersen Norwegia 31
41%
36. Ulrich Wohlgenannt Austria 133
40%
Maximilian Steiner Austria 8
38%
45. Thomas Lackner Austria 49
37%
52. Markus Mueller Austria 34
36%
Markus Rupitsch Austria 7
29%
Markus Schiffner Austria 31
29%
71. Aleksandr Bazhenov Rosja 6
28%
Nie znaleziono quizów pasujących do podanych kryteriów
Rozkład punktacji
Procent ludzi z każdym wynikiem
Percentyl według liczby udzielonych odpowiedzi
Twoja historia wyników
Nie rozwiązałeś tego quizu